| 000 | 01103nam a22002417a 4500 | ||
|---|---|---|---|
| 005 | 2010073105315.0 | ||
| 010 | _aENG-97232-97233 | ||
| 020 |
_a9789380096322 _c1990(set of 2 vol) |
||
| 035 | _aEN-80765-80766 | ||
| 037 | _bDBAD/PUB | ||
| 082 | _a181.403 | ||
| 245 |
_aBiographical encyclopaedia of Indian philosophers / _cedited byM.K Singh |
||
| 260 |
_aNew Delhi _bAlfa Publications _c2009 |
||
| 270 |
_a4398/5,Ansari Road Daryaganj _bNew Delhi _e110002 |
||
| 300 |
_a2v(304p,624p) _c21cm (Hb) |
||
| 500 | _aincludes bibliographical references | ||
| 650 |
_aHindu philosopher India biography _93565 |
||
| 650 |
_aPhilosopher biography dictionary _93566 |
||
| 700 |
_aM K Singh _93567 |
||
| 942 |
_2ddc _cEN _h181.403 _mBIO |
||
| 999 |
_c38462 _d38462 |
||